Las diligencias policiales y su valor probatorio

Detalles Bibliográficos
Autor principal: Gonzl̀ez I Jimňez, Albert
Formato: eBook
Lenguaje:español
Publicado: Barcelona: J.M. Bosch Editor, 2014
Materias:
Acceso en línea:Acceso restringido

MARC

LEADER 00000nam a22000007a 4500
005 20150813224228.0
007 cr|||| ||||
008 150813s2014 es |||||s|||| 00||0 spa d
020 |a 978-84-942709-9-4 
035 |a 12832 
040 |a vLex 
090 |c 5548  |d 5548 
100 1 |a Gonzl̀ez I Jimňez, Albert 
245 1 4 |a Las diligencias policiales y su valor probatorio  |h [Recurso electrn̤ico] /  |c Albert Gonzl̀ez I Jimňez 
256 |a Servicio en ln̕ea 
260 |a Barcelona:  |b J.M. Bosch Editor,  |c 2014 
300 |a 1 recurso electrn̤ico 
500 |a La regulacin̤ de las actuaciones que llevan a cabo las Fuerzas y Cuerpos de Seguridad del Estado en el marco de las investigaciones es una de las reformas ms̀ importantes pendientes en el derecho procesal. El TEDH ha advertido en ms̀ de una ocasin̤ al Estado Espaǫl sobre la insuficiente regulacin̤. En ese n̕terin son los Tribunales espaǫles, quienes, con dispar fortuna, han corregido las deficiencias. La dispersa regulacin̤ es insuficiente para abarcar de forma coherente todos los aspectos asociados a las investigaciones penales, pivotando el sistema en el art. 286 LECrim., que contempla su realizacin̤ por parte del Juez de Instruccin̤. Mientras tanto, la actividad parece regida por las mx̀imas de la experiencia y costumbre policiales, sin que existan unas directrices estables de actuacin̤, resultando que su incorporacin̤ y eficacia en el seno del procedimiento obedece, en no pocas ocasiones, a la improvisacin̤ e imaginacin̤ de los operadores ante los que se expone. La determinacin̤ del valor probatorio de las actuaciones y diligencias policiales podra̕ constituir, a priori, una contradiccin̤, pero tiene una indudable utilidad descriptiva, siendo una cuestin̤ no exenta de dificultad que exige indagar en la doctrina y la jurisprudencia. El rendimiento y eficacia de la prueba en cuya adquisicin̤ y aseguramiento intervino la polica̕ se va a ver comprometido. Todo ello, no es ms̀ que el viejo debate de la eficacia probatoria de la investigacin̤ que la LECrim. no ha sabido zanjar, y que la prc̀tica forense ha aplicado con disparidad. Este trabajo pretende analizar cul̀es son las diligencias policiales que se ejecutan sin intervencin̤ judicial, para afirmar que estas actuaciones, preprocesales, con unas ligeras modificaciones del marco normativo existente y el concurso del Fiscal, producira̕n resultados ms̀ efectivos. 
506 1 |a Disponible solo en los productos indicados  |d vLex Global  |d vLex Global (Academic Edition, excluding Law Schools)  |d vLex Global (U.S. Academic Edition, Law Schools)  |d vLex Global (U.S. Academic Edition, excluding Law Schools)  |d vLex Global (Academic Edition, Law Schools) 
650 0 4 |a Derecho Penal  |z Espaą 
740 0 |a vLex Libros (Servicio en ln̕ea) 
856 4 0 |u http://vlex.com/source/diligencias-policiales-y-su-valor-probatorio-12832  |z Acceso restringido 
942 |c BOOK 
999 0 |a Criminal Law